000 00708nam a22002297a 4500
001 30489
003 UA-OsUOA
005 20220702102659.0
007 ta
008 20041110b un ||||| |||| 00| 0 ukr d
040 _aUA-OsUOA
_brus
_cUA-OsUOA
_dUA-OsUOA
041 _arus
044 _aRU
080 _a82.09(47+57)
090 _a82.09(47+57)
_bП38
245 _aЛитературное наследие Г. В. Плеханова
_bсборник III Искусство
_cред. П. Ф. Юдин, И. Д. Удальцов, Р. М. Плеханова
260 _aМосква
_bСОЦЭКГИЗ
_c1936
300 _a432 с.
_bІлюстрації
650 7 _2UDC
942 _cBK
_2udc
955 _a0
999 _c316901
_d316901